000
003230000a22001450004500
003
MACL
040
_a
MACL
090
_c
5856
_d
5855
100
_a
Rout, R. K.
245
_a
Library Legislation in India
260
_b
Reliance Publishing House
_c
1986
350
_a
225
650
_a
Library & Information
942
_c
BOOK
_k
020
999
_c
5813
_d
5813